Champions League T20 Winners - Statistics

General Stats
  • This quiz has been taken 9 times
  • The average score is 4 of 6
Answer Stats
Year Winner Runners-Up Final Venue % Correct
2010 Chennai Super Kings Warriors Wanderers Stadium, Johannesburg
100%
2011 Mumbai Indians Royal Challengers Bangalore M.A. Chidambaram Stadium, Chennai
80%
2014 Chennai Super Kings Kolkata Knight Riders M. Chinnaswamy Stadium, Bangalore
60%
2013 Mumbai Indians Rajasthan Royals Feroz Shah Kotla Stadium, Delhi
60%
2009 New South Wales Blues Trinidad and Tobago Rajiv Gandhi Stadium, Hyderabad
60%
2012 Sydney Sixers Highveld Lions Wanderers Stadium, Johannesburg
40%
No matching quizzes found
Score Distribution
Percent of People with Each Score
Percentile by Number Answered
Your Score History
You have not taken this quiz